Un largo viaje hacia la sombra (segunda parte). Sección latinoamericana
Gardado en:
| Formato: | Texto |
|---|---|
| Etiquetas: |
Engadir etiqueta
Sen Etiquetas, Sexa o primeiro en etiquetar este rexistro!
|
MARC
| LEADER | 00000 a a2200000 04500 | ||
|---|---|---|---|
| 001 | 3264 | ||
| 003 | |||
| 040 | |||
| 245 | |a Un largo viaje hacia la sombra (segunda parte). Sección latinoamericana | ||
| 773 | |g volumen 32, número 6; páginas 621-630 | ||
| 999 | |c 22736 |d 22736 | ||
